zpět

Detail výsledku týmu

Café Hostel, České Budějovice

Datum a čas kvízu

31.5 Celkem bodů Celkový počet nahraných bodů na tomto kvízu bez doplňovacích otázek.
2. Pořadí na kvízu Konečné umístění týmu na tomto kvízu.

Zaznamenané odpovědi

# Otázka Odpověď Body Výsledky
1. Minulé úterý hledali policisté... 0
2. Policisté provedli v minulých... 1
3. Fotka, která v úterý večer zís... 1
4. Jak bylo minulý týden oznámeno... 0
5. Disciplinární komise Ligové fo... 1
6. Zvíře jménem Benjamin v Orwell... 1
7. Tato kniha Jacka Londona navaz... 1
8. Příběhy medvídka Pú pochází z... 1
9. O Knize džunglí jsme se v kvíz... 0
10. Lev, čarodějnice a skříň není... 1